| 000 | 01101nam a2200301 a 4500 | ||
|---|---|---|---|
| 001 | 000031483 | ||
| 003 | OSt | ||
| 005 | 20201106123112.0 | ||
| 008 | 110627nuuuuuuuuxx c 000 | spa d | ||
| 040 |
_aDO-SdBNP _bspa _cBNPHU |
||
| 049 | _a | ||
| 082 |
_axxx _bS883q |
||
| 100 |
_aStoppelman, Francis _957872 |
||
| 245 | 0 | 0 |
_aQuisqueya umbral de América = _bthreshold of the Americas / _cfotos de Francis Stoppelman; introducción Luis F. Thomen. |
| 246 | 0 | 3 | _aLa República Dominicana |
| 246 | 1 | 3 | _aThe Dominican Republic |
| 260 |
_aLeiden, Horlanda : _bNederlandsche Rotogravure Maatschappij, _c[196?]. |
||
| 300 |
_a131 p. : _bretrs. ; _c27 cm. |
||
| 546 | _aTexto en inglés y español | ||
| 590 | _aInventariado, 2020/VM | ||
| 650 | 4 |
_2Ciudades y Pueblos _xHistoria _zRepública Dominicana _977199 |
|
| 650 | 4 |
_aMonumentos Histéricos _xHistoria _zRepública Dominicana _977200 |
|
| 651 | 4 |
_aQuisqueya (República Dominicana ) _xHistoria _977201 |
|
| 700 | 1 |
_aStoppelman, Francis, _efot. _957872 |
|
| 700 | 1 |
_aThomen, Luis F. _957873 |
|
| 910 | _aVMateo | ||
| 942 |
_2ddc _cLBS1 |
||
| 999 |
_c30975 _d30975 |
||